Обзоры BadComedian - Армагеддон - Statistics

General Stats
  • This quiz has been taken 65 times
    64 since last reset
  • The average score is 6 of 24
Answers on the Grid
Answers color-coded by a green-red scale on the quiz's grid according to % correct below.
Временные трудности
Груз 200
Брат 2
Терминатор: Генезис
28 панфиловцев
Крым
Ёлки 5
Нападение на Рио-Браво
Каменная башка
Царь
Матрица: Воскрешение
Дивергент
Ёлки лохматые
Никто
Черновик
Неваляшка
Довод
Очень русский детектив
Елена
Лопухи
Тетрадь смерти
Эбигейл
Заповедник
Дети против волшебников
Асса
RRR
Зоя
Выпускной
Убить Билла
Хоттабыч
Левиафан
Притяжение
Дизлайк
Глубже!
Форсаж да Винчи
Маршрут построен
Изображая жертву
Московская жара
Т-34
Братство
Спутник
Хардкор
Аватар: Путь воды
Танцы насмерть
Сибирское воспитание
50 оттенков серого
Упражнения в прекрасном
Параграф 78
Бумер
Движение вверх
 
Answer Stats
Answer % Correct
Временные трудности
78%
Крым
67%
Ёлки 5
58%
Терминатор: Генезис
47%
Нападение на Рио-Браво
39%
Дивергент
39%
Матрица: Воскрешение
31%
Движение вверх
31%
Зоя
25%
Т-34
25%
Дети против волшебников
22%
Черновик
19%
Левиафан
19%
Притяжение
19%
Дизлайк
17%
50 оттенков серого
17%
Лопухи
14%
Выпускной
14%
Форсаж да Винчи
11%
Московская жара
11%
Танцы насмерть
11%
Сибирское воспитание
8%
Маршрут построен
6%
Братство
6%
No matching quizzes found
Score Distribution
Percent of People with Each Score
Percentile by Number Answered
Your Score History
You have not taken this quiz since the last reset